Pregiudizio e orgoglio : Gli effetti italiani del World Pride /

में बचाया:
ग्रंथसूची विवरण
मुख्य लेखक: Danna, Daniela
स्वरूप: अज्ञात
भाषा:अंग्रेज़ी
टैग: टैग जोड़ें
कोई टैग नहीं, इस रिकॉर्ड को टैग करने वाले पहले व्यक्ति बनें!

MARC

LEADER 00000nll a2200000 4500
001 CDOM0000000785
003 mi
005 20251006204319.0
008 250731b |||||||| |||| 00| 0 eng d
040 |c mi 
100 |a Danna, Daniela 
245 1 |a Pregiudizio e orgoglio :  |b Gli effetti italiani del World Pride /  |c Daniela Danna 
942 |2 ddc  |c BK 
952 |0 0  |1 0  |2 ddc  |4 0  |7 0  |9 5091  |a MI  |b MI  |d 2005-06-27  |i ER-1  |l 0  |p CDOMER-1  |r 2025-07-13 16:27:00  |w 2025-07-13  |x DONO  |y BK 
999 |c 4061  |d 4061